La otra orilla /

Guardado en:
Autor Principal: Cortázar, Julio
Formato: Libro
Publicado: Buenos Aires : Alfaguara, 2012
Series:Biblioteca Julio Cortázar
Materias:
Etiquetas: Agregar Etiqueta
Sin Etiquetas, Sea el primero en etiquetar este registro!
LEADER 00988nam a22002175a 4500
001 CEM.cems013796
005 20130225142826.0
008 130507s2012##################000#0#####d
003 CEMS
020 |a 9789870422891 
082 0 4 |a A868.4 
100 1 |a Cortázar, Julio 
245 1 0 |a La otra orilla /  |c Julio Cortázar 
260 |a Buenos Aires :  |b Alfaguara,  |c 2012 
300 |a 136 p. 
490 0 |a Biblioteca Julio Cortázar 
505 0 |a Plagios y traducciones. -- El hijo del vampiro. -- Las manos que crecen. -- Llama el teléfono, Delia. -- Profunda siesta de Remi. -- Puzzle. -- Historias de Gabriel Medrano. -- Retorno de la noche. -- Bruja. -- Mudanza. -- Distante espejo. -- Prolegómenos a la astronomía. -- De la simetría interplanetaria. -- Los limpiadores de estrellas. -- Breve curso de Oceanografía. -- Estación de la mano 
653 |a Literatura 
653 |a Literatura argentina 
653 |a Cuentos 
859 |a CEMS  |b BIB. CEMS - 11 de abril  |h A868.4  |i C891-18  |p 26557.13  |t Ej.1